| 000 | 00876cam a2200277 a 4500 | ||
|---|---|---|---|
| 005 | 20260322212021.0 | ||
| 008 | data | ||
| 010 | _a 2007038965 | ||
| 020 | _a9780810995246 | ||
| 020 | _a0810995246 | ||
| 020 | _a0810995247 | ||
| 040 |
_aDLC _cDLC _dDLC |
||
| 043 | _an-us--- | ||
| 050 | 0 | 0 |
_aGV863.A1 _bW359 2008 |
| 082 | 0 | 0 |
_a796.357 _222 |
| 092 | _a796.357 W359 2008 | ||
| 100 | 1 | _aWallace, Joseph E. | |
| 245 | 1 | 0 |
_aBaseball : _b365 days / _cJoseph E. Wallace. |
| 260 |
_aNew York : _bAbrams, _c2008. |
||
| 300 |
_a744 p. : _bcol. ill. ; _c24 cm. |
||
| 650 | 0 |
_aBaseball _zUnited States _xHistory _y20th century _vChronology. |
|
| 650 | 0 |
_aBaseball _zUnited States _xHistory _y21st century _vChronology. |
|
| 650 | 0 |
_aBaseball _zUnited States _xHistory _y20th century _vPictorial works. |
|
| 650 | 0 |
_aBaseball _zUnited States _xHistory _y21st century _vPictorial works. |
|
| 001 | data | ||
| 999 |
_c476 _d476 |
||